Σωματολογία του παιδιού

Αποθηκεύτηκε σε:
Λεπτομέρειες βιβλιογραφικής εγγραφής
Κύριος συγγραφέας: Χαραλαμπόπουλος, Γιάννης Ν.
Μορφή: Βιβλίο
Γλώσσα:Greek
Δημοσίευση: Αθήνα : [χ.ό.], 1980
Θέματα:
Ετικέτες: Προσθήκη ετικέτας
Δεν υπάρχουν, Καταχωρήστε ετικέτα πρώτοι!

MARC

LEADER 00000cam a2200000 i 4500
001 1/94048
008 080917s1980 gre d
035 |l 10100230 
040 |a GR-MY-UA  |b gre  |e aacr 
041 0 |a gre 
082 0 |a 612.65  |2 (22) 
100 1 |a Χαραλαμπόπουλος, Γιάννης Ν. 
245 1 0 |a Σωματολογία του παιδιού /  |c Ιωάννου Ν. Χαραλαμπόπουλου 
260 |a Αθήνα :   |b [χ.ό.],   |c 1980 
300 |a 158 σ.;  |b εικ., πίν.;  |c 24 εκ. 
504 |a Βιβλιογραφία: σ. 153-[155] 
650 0 0 |a Child development. 
650 0 0 |a Children  |x Growth. 
650 0 0 |a Human physiology. 
852 |a INST  |b RHODES  |c AKA  |e 20080917  |h  612.65 ΧΑΡ  |p 005400028358  |q 005400028358  |t BK  |y 0 
901 |a BIBL4-2008-3 
909 |a Ρ  |b 153011 
970 |a ΧΑΡΙΟΠΟΛΙΤΟΥ  |b ΚΩΝΣΤΑΝΤΙΝΑ  |z 2008/09/17